<?xml version="1.0" encoding="UTF-8"?>
<record
    xmlns:xsi="http://www.w3.org/2001/XMLSchema-instance"
    xsi:schemaLocation="http://www.loc.gov/MARC21/slim http://www.loc.gov/standards/marcxml/schema/MARC21slim.xsd"
    xmlns="http://www.loc.gov/MARC21/slim">

  <leader>01186nam a22002777a 4500</leader>
  <controlfield tag="003">OSt</controlfield>
  <controlfield tag="005">20230608140432.0</controlfield>
  <controlfield tag="007">cr ||||||a|c|a</controlfield>
  <controlfield tag="008">230220s2020    mx ||||fom||| 001 0 spa d</controlfield>
  <datafield tag="040" ind1=" " ind2=" ">
    <subfield code="e">rda</subfield>
  </datafield>
  <datafield tag="100" ind1="1" ind2=" ">
    <subfield code="9">186048</subfield>
    <subfield code="a">P&#xE9;rez Rodr&#xED;guez, Georgina</subfield>
  </datafield>
  <datafield tag="245" ind1="1" ind2=" ">
    <subfield code="a">Definici&#xF3;n de la l&#xED;nea  base de degradaci&#xF3;n de la tierra en M&#xE9;xico a escala sub-nacional /</subfield>
    <subfield code="c">por Georgina P&#xE9;rez Rodr&#xED;guez; director de tesis Miguel A. Vel&#xE1;squez Valle</subfield>
  </datafield>
  <datafield tag="264" ind1=" " ind2="1">
    <subfield code="a">Chapingo, M&#xE9;xico :</subfield>
    <subfield code="b">El autor,</subfield>
    <subfield code="c">2020.</subfield>
  </datafield>
  <datafield tag="300" ind1=" " ind2=" ">
    <subfield code="a">1 recurso en l&#xED;nea (108 p&#xE1;ginas).</subfield>
    <subfield code="b">gr&#xE1;ficas, mapas</subfield>
  </datafield>
  <datafield tag="336" ind1=" " ind2=" ">
    <subfield code="2">rdacontent</subfield>
    <subfield code="a">texto</subfield>
    <subfield code="b">txt</subfield>
  </datafield>
  <datafield tag="337" ind1=" " ind2=" ">
    <subfield code="2">rdamedia</subfield>
    <subfield code="a">computadora</subfield>
    <subfield code="b">c</subfield>
  </datafield>
  <datafield tag="338" ind1=" " ind2=" ">
    <subfield code="2">rdacarrier</subfield>
    <subfield code="a">recurso en l&#xED;nea</subfield>
    <subfield code="b">cr</subfield>
  </datafield>
  <datafield tag="502" ind1=" " ind2=" ">
    <subfield code="b">MCRNMAZA</subfield>
    <subfield code="c">URUZA</subfield>
    <subfield code="d">2020.</subfield>
    <subfield code="g">MAE</subfield>
  </datafield>
  <datafield tag="504" ind1=" " ind2=" ">
    <subfield code="a">Incluye referencias bibliogr&#xE1;ficas: p&#xE1;ginas 101-108</subfield>
  </datafield>
  <datafield tag="650" ind1=" " ind2="2">
    <subfield code="9">110336</subfield>
    <subfield code="a">Suelos</subfield>
    <subfield code="x">Degradaci&#xF3;n</subfield>
  </datafield>
  <datafield tag="650" ind1=" " ind2="2">
    <subfield code="9">139229</subfield>
    <subfield code="a">Tierras</subfield>
    <subfield code="x">Recuperaci&#xF3;n</subfield>
  </datafield>
  <datafield tag="650" ind1=" " ind2="2">
    <subfield code="9">130787</subfield>
    <subfield code="a">Cuencas</subfield>
    <subfield code="x">Degradaci&#xF3;n</subfield>
  </datafield>
  <datafield tag="700" ind1="1" ind2=" ">
    <subfield code="9">124764</subfield>
    <subfield code="a">Vel&#xE1;squez Valle, Miguel Agust&#xED;n</subfield>
    <subfield code="e">Director de tesis</subfield>
  </datafield>
  <datafield tag="856" ind1=" " ind2=" ">
    <subfield code="u">http://10.13.5.2/tesis/tm/2020_ZA_Perez_Rodriguez_Georgina.pdf</subfield>
    <subfield code="z">DESCARGAR PDF</subfield>
  </datafield>
  <datafield tag="942" ind1=" " ind2=" ">
    <subfield code="2">Clasificaci&#xF3;n Universidad Aut&#xF3;noma Chapingo</subfield>
    <subfield code="c">TD</subfield>
  </datafield>
  <datafield tag="999" ind1=" " ind2=" ">
    <subfield code="c">218410</subfield>
    <subfield code="d">218410</subfield>
  </datafield>
  <datafield tag="952" ind1=" " ind2=" ">
    <subfield code="0">0</subfield>
    <subfield code="1">0</subfield>
    <subfield code="2">local</subfield>
    <subfield code="4">0</subfield>
    <subfield code="5">1</subfield>
    <subfield code="7">0</subfield>
    <subfield code="8">TesDigM</subfield>
    <subfield code="a">BD</subfield>
    <subfield code="b">BD</subfield>
    <subfield code="c">E_L</subfield>
    <subfield code="d">2023-02-20</subfield>
    <subfield code="l">0</subfield>
    <subfield code="o">Tesis digital</subfield>
    <subfield code="r">2023-02-20 00:00:00</subfield>
    <subfield code="w">2023-02-20</subfield>
    <subfield code="y">TD</subfield>
  </datafield>
</record>
